00971 a2200193 45000010006000000050017000060080041000230030015000640400040000790800051001192450028001700200022001982640075002203000019002955050334003140410008006481000023006568560098006796235520260407155917.0260407a2024 arg spa dAR-UNSa-BCEJYS aAR-UNSa-BCEJYSbspacAR-UNSa-BCEJYS a330.34.01xTeoría del desarrollo económico10aTeoría del desarrollo a978-950-23-3486-8 1aBuenos Aires :bEUDEBA (Editorial Universitaria de Buenos Aires)c2024 a342 p.c23 cm. a1. Introducción - 2. Logros y deudas del desarrollo - 3. Crecimiento y desarrollo: ¿en qué se parecen y en qué se diferencian? – 4. La métrica y el bienestar – 5. ¿Qué tiene de misterioso el crecimiento económico? – 6. La tiranía de los números – 7. Más allá del crecimiento – 8. América Latina. aspa1 aPaz, Jorge Augusto41uhttp://www.biblioeco.unsa.edu.ar/pmb/images/libros/L129341.jpgyImagen de portadaqimage/jpeg